Drogi w polsce - Statystyki

Ogólne statystyki
  • Ten quiz został rozwiązany 622 razy
  • Średni wynik to 24 z 28
Statystyki odpowiedzi
Hint Odpowiedź % Poprawnych
Autostrada A1
100%
Autostrada A2
100%
Autostrada A4
99%
Autostrada A6
98%
Autostrada A8
98%
Droga ekspresowa S1
94%
Droga ekspresowa S2
93%
Droga ekspresowa S3
93%
Droga ekspresowa S5
93%
Droga ekspresowa S6
93%
Droga ekspresowa S7
93%
Droga ekspresowa S8
93%
Droga ekspresowa S11
91%
Droga ekspresowa S12
91%
Droga ekspresowa S10
90%
Droga ekspresowa S16
90%
Droga ekspresowa S14
89%
Droga ekspresowa S17
89%
Droga ekspresowa S19
89%
Droga ekspresowa S22
86%
Autostrada A18
75%
Droga ekspresowa S61
66%
Droga ekspresowa S52
65%
Droga ekspresowa S50
64%
Droga ekspresowa S51
64%
Droga ekspresowa S74
64%
Droga ekspresowa S79
63%
Droga ekspresowa S86
61%
Nie znaleziono quizów pasujących do podanych kryteriów
Rozkład punktacji
Procent ludzi z każdym wynikiem
Percentyl według liczby udzielonych odpowiedzi
Twoja historia wyników
Nie rozwiązałeś tego quizu